| 000 | 01268nam a2200277Ia 4500 | ||
|---|---|---|---|
| 003 | OSt | ||
| 005 | 20240530121956.0 | ||
| 008 | 210719s2020 xx 000 0 und d | ||
| 020 | _a978-81-944839-0-8 | ||
| 040 | _cAL | ||
| 041 | _aKonkani / Devnagari / Romi | ||
| 082 | _a891.468 FERM | ||
| 100 |
_aFERNANDES (ANTONIO VERONICA) _9114658 |
||
| 245 |
_aMadda thaun telakhonni poriant _bमाडा थावन तेलाखाणी परयांत _cಮಾಡಾ ಥಾವ್ನ್ ತೆಲಾಖಣಿ ಪರ್ಯಂತ್ |
||
| 260 |
_aMangaluru _bKonkani Prakashanalaya _c2020 |
||
| 300 |
_a213 _bPB |
||
| 365 |
_b250 _cRs |
||
| 650 |
_aKonkani Literature _9114659 |
||
| 650 |
_aKuwait - iraq war expirience _9114694 |
||
| 650 |
_akuwait Iraq zuza Onbogachim borapam _9114681 |
||
| 650 |
_aKonkani Miscellaneous _9114660 |
||
| 650 |
_aಕುವೈಟ್ - ಇರಾಕ್ ಝುಜಾ ಅನ್ಭೋಗಾಚಿಂ ಬರ್ಪಂ _9114693 |
||
| 700 |
_aQUADROS (Valley) _dವಲ್ಲಿ ಕ್ವಾಡ್ರಸ್ tr _9159024 |
||
| 906 | _aanbogachim ; barapam ; by ; irak ; Iraq ; khonni ; kuvait ; Kuwait ; Madathavn ; Madda ; paryant: ; poryant ; Quadras ; tela ; telakhani ; thaun ; thavn ; tr ; Vally ; zaja | ||
| 942 |
_2ddc _cBK |
||
| 999 |
_c211719 _d211719 |
||